Alternating Current Machines. (Record no. 4276)

MARC details
005 - DATE AND TIME OF LATEST TRANSACTION
control field 20250625141704.0
020 ## - INTERNATIONAL STANDARD BOOK NUMBER
International Standard Book Number 0 582 07241 7
082 ## - DEWEY DECIMAL CLASSIFICATION NUMBER
Classification number LM 621.3133 SAY
100 ## - MAIN ENTRY--PERSONAL NAME
Author name SAY, M. G.
245 ## - TITLE STATEMENT
Title Alternating Current Machines.
250 ## - EDITION STATEMENT
Edition statement 5th Ed
260 ## - PUBLICATION, DISTRIBUTION, ETC.
Place of publication, distribution, etc. England,
Name of publisher, distributor, etc. Longman Scientific & Technical,
Date of publication, distribution, etc. 1986.
300 ## - PHYSICAL DESCRIPTION
Extent xii, 632p.: ill.
Other physical details Index
Dimensions 23cm
942 ## - ADDED ENTRY ELEMENTS (KOHA)
Source of classification or shelving scheme Dewey Decimal Classification
Koha item type Books
Holdings
Date last seen Total checkouts Full call number Barcode Cost, replacement price Price effective from Koha item type Lost status Source of classification or shelving scheme Damaged status Not for loan Withdrawn status Home library Current library Shelving location Date acquired Cost, normal purchase price
06/18/2025   LM 621.3133 SAY 00000013159 30000.00 06/18/2025 Books   Dewey Decimal Classification       College of Business Education Main Library College of Business Education Main Library General Collection 09/18/1992 10000.00